Leipziger Straßenbahnlinien - Statistiken

Allgemein
  • Dieses Quiz wurde 292 mal gespielt
  • Das Durchschnittsergebnis liegt bei 12 aus 13
Antwortstatistiken
Beschreibung Linie % Korrekt
Von Meusdorf nach Miltitz 15
96%
Von Grünau-Süd zur Naunhofer Straße 2
96%
Vom Rathausplatz in Schkeuditz zum Schillerplatz in Markleeberg 11
95%
Von Knautkleeberg nach Taucha, An der Bürgerruhe oder Sommerfeld 3
95%
Von der Landberger Straße in Gohlis zur Holzhäuser Straße in Stötteritz 4
95%
Von der Tauchaer Straße in Thekla zur Klemmstraße am S-Bahnhof Connewitz 9
95%
Von Lausen nach Mockau, Post 1
94%
Von Lößnig zum Leipziger Messegelände 16
94%
Von der Burghausener Straße in Böhlitz-Ehrenberg nach Sommerfeld 7
94%
Von Lößnig nach Wahren 10
92%
Von Grünau-Nord nach Paunsdorf-Nord 8
92%
Vom Johannisplatz über den Zoo nach Gohlis-Nord zur Virchowstraße 12
91%
Vom Hauptbahnhof zum Plagwitzer S-Bahnhof 14
91%
Keine übereinstimmenden Quizze gefunden
Verteilung der Resultate
Anzahl Personen mit jedem Resultat
Perzentil nach korrekt beantworteten Fragen
Ihre Resultats-Entwicklung
Sie haben dieses Quiz noch nicht gespielt